Nordic World Ski Championships - Medal Count - Statistics

General Stats
  • This quiz has been taken 37 times
  • The average score is 21 of 26
Answer Stats
# Country % Correct
89 Germany
100%
342 Norway
100%
134 Sweden
100%
200 Finland
97%
55 Italy
97%
81 Russia
97%
17 United States of America
94%
6 Canada
91%
21 France
91%
35 Japan
91%
26 Poland
91%
73 Austria
89%
15 Czech Republic
89%
1 Slovakia
89%
7 Slovenia
86%
1 Belarus
83%
10 Estonia
83%
2 Spain
83%
16 Switzerland
83%
92 Soviet Union
71%
2 Ukraine
69%
38 East Germany
57%
30 Czechoslovakia
51%
1 Yugoslavia
51%
7 West Germany
49%
9 Kazakhstan
43%
No matching quizzes found
Score Distribution
Percent of People with Each Score
Percentile by Number Answered
Your Score History
You have not taken this quiz